[Event "Aragon-chT Preferente Gr I"]
[Site "Aragon"]
[Date "2023.02.18"]
[Round "4.38"]
[White "Roman Gimeno, Javier"]
[Black "Jarabo Marin, Pablo"]
[Result "0-1"]
[WhiteElo "1899"]
[BlackElo "1246"]
[PlyCount "64"]
[EventDate "2023.01.28"]
[EventType "team-tourn"]
[EventRounds "9"]
[EventCountry "ESP"]
[SourceTitle "EXT 2024"]
[Source "ChessBase"]
[SourceDate "2023.10.10"]
[SourceVersion "1"]
[SourceVersionDate "2023.10.10"]
[SourceQuality "1"]
[WhiteTeam "Las Fuentes"]
[BlackTeam "Delicias II"]
[WhiteTeamCountry "ESP"]
[BlackTeamCountry "ESP"]

1. d4 d5 2. Nf3 Nf6 3. c4 e6 4. g3 Nc6 5. b3 b6 6. Bg2 Bb7 7. 0-0 Bd6 8. Bb2 0-0 9. Nc3 Qd7 10. cxd5 exd5 11. a3 Ne7 12. b4 Ng6 13. Rc1 Rfe8 14. e3 Ba6 15. Re1 Bc4 16. Nd2 Rab8 17. Nxc4 dxc4 18. b5 Ne7 19. e4 c5 20. bxc6 Nxc6 21. e5 Bxe5 22. dxe5 Nxe5 23. Qxd7 Nfxd7 24. Ba1 Nc5 25. Rcd1 b5 26. Nxb5 Ncd3 27. Nd6 Nf3+ 28. Bxf3 Rxe1+ 29. Rxe1 Nxe1 30. Be4 Rd8 31. Nxc4 Rd1 32. Bc3 Rc1 0-1

[Event "Aragon-chT Preferente Gr I"]
[Site "Aragon"]
[Date "2023.02.04"]
[Round "2.48"]
[White "Casasnovas Sanchez, Raul"]
[Black "Jarabo Marin, Pablo"]
[Result "1-0"]
[WhiteElo "1425"]
[BlackElo "1246"]
[PlyCount "83"]
[EventDate "2023.01.28"]
[EventType "team-tourn"]
[EventRounds "9"]
[EventCountry "ESP"]
[SourceTitle "EXT 2024"]
[Source "ChessBase"]
[SourceDate "2023.10.10"]
[SourceVersion "1"]
[SourceVersionDate "2023.10.10"]
[SourceQuality "1"]
[WhiteTeam "Agrupacion II"]
[BlackTeam "Delicias II"]
[WhiteTeamCountry "ESP"]
[BlackTeamCountry "ESP"]

1. e4 e5 2. Nc3 Nc6 3. Bc4 Bc5 4. d3 Nf6 5. f4 d6 6. Nf3 Bg4 7. Na4 Bb4+ 8. c3 Ba5 9. b4 Bb6 10. Nxb6 cxb6 11. 0-0 0-0 12. h3 Bd7 13. b5 Na5 14. fxe5 dxe5 15. Nxe5 Nxc4 16. Nxc4 Bxb5 17. Qb3 a6 18. a4 Bxc4 19. Qxc4 Rc8 20. Qd4 Qxd4+ 21. cxd4 Rc3 22. Rf3 Rfc8 23. Bg5 Nh5 24. g4 h6 25. Bxh6 gxh6 26. gxh5 Rb3 27. Raf1 Rc7 28. d5 Rb4 29. e5 Rd4 30. e6 fxe6 31. dxe6 Rg7+ 32. Kh2 Rd8 33. Rg1 Re8 34. Rxg7+ Kxg7 35. Rf7+ Kg8 36. Rf6 b5 37. axb5 axb5 38. d4 b4 39. d5 Rf8 40. e7 Re8 41. d6 b3 42. d7 1-0

[Event "Aragon-chT Preferente Gr I"]
[Site "Aragon"]
[Date "2022.03.19"]
[Round "8.50"]
[White "Jarabo Marin, Pablo"]
[Black "Merin Flores, Miguel Angel"]
[Result "0-1"]
[WhiteElo "1309"]
[BlackElo "1710"]
[PlyCount "114"]
[EventDate "2022.01.29"]
[EventType "team-tourn"]
[EventRounds "9"]
[EventCountry "ESP"]
[SourceTitle "EXT 2024"]
[Source "ChessBase"]
[SourceDate "2023.10.10"]
[SourceVersion "1"]
[SourceVersionDate "2023.10.10"]
[SourceQuality "1"]
[WhiteTeam "Delicias II"]
[BlackTeam "Ejea"]
[WhiteTeamCountry "ESP"]
[BlackTeamCountry "ESP"]

1. e4 e6 2. d4 d5 3. e5 c5 4. c3 Nc6 5. Nf3 Qb6 6. Bd3 f6 7. Qc2 cxd4 8. exf6 Nxf6 9. cxd4 Bd6 10. Be3 Nb4 11. Qb3 Nxd3+ 12. Qxd3 Qxb2 13. Qc3 Bb4 14. Bd2 Bxc3 15. Bxc3 Qc1+ 16. Ke2 Qxh1 17. Na3 Qxg2 18. Rg1 Qxg1 19. Nxg1 0-0 20. Nf3 Bd7 21. Ne5 Be8 22. Bb4 Bh5+ 23. f3 Rfc8 24. Kf2 a6 25. Nb1 Bg6 26. Nc3 a5 27. Bc5 b5 28. Nxb5 Be8 29. Nd6 Rcb8 30. Ke2 Bg6 31. Ke1 Ne8 32. Nxe8 Bxe8 33. Nd3 Rb5 34. a4 Rb3 35. Ke2 Rab8 36. Bd6 Rxd3 37. Kxd3 Rb3+ 38. Ke2 Bxa4 39. f4 Bb5+ 40. Kd2 Bc4 41. Kc2 a4 42. h4 a3 43. Bxa3 Rxa3 44. Kb2 Rf3 45. Kc2 Kf7 46. Kd2 Kf6 47. Ke1 Kf5 48. h5 Ke4 49. f5 exf5 50. h6 gxh6 51. Kd2 Kxd4 52. Kc2 Rf2+ 53. Kd1 Ke3 54. Kc1 Kd3 55. Kb1 Kc3 56. Ka1 Kb3 57. Kb1 Rf1# 0-1